| LDR | 00000nam c2200205 k 4500 | |
|---|---|---|
| 001 | 000000337389 | |
| 005 | 20250319154946 | |
| 007 | ta | |
| 008 | 250212s2024 ulk r 000ae kor | |
| 020 | ▼a 9791193282090 ▼g 03800 : ▼c \17500 | |
| 040 | ▼a 248032 ▼c 248032 ▼d 248032 | |
| 049 | 0 | ▼l EM110521 |
| 056 | ▼a 814.6 ▼2 4 | |
| 090 | ▼a 814.6 ▼b 이57ㅂ | |
| 245 | 20 | ▼a (당신에게)분명 좋은 일만 생길 거예요 : ▼b 이슬비 에세이 / ▼d 이슬비 |
| 250 | ▼a 초판 | |
| 260 | ▼a [서울] : ▼b 다담북스, ▼c 2024 | |
| 300 | ▼a 234 p. ; ▼c 19 cm | |
| 653 | ▼a 에세이 ▼a 한국문학 ▼a 글모음 | |
| 700 | 1 | ▼a 이슬비, ▼e 저 |
| 950 | 0 | ▼b \17500 |
| 990 | ▼a 관리자2 ▼b 관리자2 |